000 00480nam a22001577a 4500
082 _aT-80
100 _aMumtaz Ali, Engr
_948437
245 _aOptimal design of ammunition igloos using finite element methods
_cMumtaz Ali, Engr
260 _aRisalpur
_bMCE
_c2000
300 _a142 P, :
526 _a0
_b0
_c0
_dT_80
650 _aMaster of Science in Civil Engineering
_948438
650 _aThesis
_934811
700 _aColonel Dr Khaliq ur Rehman Shad
_948439
942 _2ddc
_cBK
999 _c551387
_d551387